| Tag |
First Indicator |
Second Indicator |
Subfields |
| LEADER |
00000cam a22000008a 4500 |
| 001 |
in00000015395 |
| 005 |
20190507091545.0 |
| 008 |
880331s1988 nyu 00010beng |
| 010 |
|
|
|a 88011368
|
| 020 |
|
|
|a 0671454463
|
| 035 |
|
|
|a (OCoLC)17805316
|
| 035 |
|
|
|9 AAB0221AM
|
| 040 |
|
|
|a DLC
|c DLC
|d TXA
|d UtOrBLW
|
| 049 |
|
|
|a TXAM
|c [A11653805]
|
| 050 |
0 |
0 |
|a N6853.P5
|b S74 1988
|
| 100 |
1 |
|
|a Huffington, Arianna Stassinopoulos,
|d 1950-
|
| 245 |
1 |
0 |
|a Picasso :
|b creator and destroyer /
|c Arianna Stassinopoulos Huffington.
|
| 264 |
|
1 |
|a New York :
|b Simon and Schuster,
|c [1988]
|
| 264 |
|
4 |
|c ©1988
|
| 300 |
|
|
|a 558 pages, 32 unnumbered pages of plates :
|b illustrations, portraits ;
|c 25 cm.
|
| 336 |
|
|
|a text
|b txt
|2 rdacontent
|
| 337 |
|
|
|a unmediated
|b n
|2 rdamedia
|
| 338 |
|
|
|a volume
|b nc
|2 rdacarrier
|
| 504 |
|
|
|a Bibliography: pages 521-538.
|
| 500 |
|
|
|a Includes index.
|
| 500 |
|
|
|a The Cushing Library/Basbanes collection copy is inscribed to Nicholas Basbanes by the author and is part of the Nicholas A. Basbanes Collection of Inscribed Books.
|
| 541 |
0 |
|
|a Donated by Nicholas A. Basbanes
|d 20151124
|
| 600 |
1 |
0 |
|a Picasso, Pablo,
|d 1881-1973.
|
| 650 |
|
0 |
|a Artists
|z France
|v Biography.
|
| 700 |
1 |
|
|a Basbanes, Nicholas A.,
|d 1943-
|e former owner.
|
| 999 |
|
|
|a MARS
|
| 999 |
f |
f |
|s 6b407ceb-4b31-3bd2-92c3-9ceb57338cd7
|i 6f32a30c-209e-3134-a29a-ea8a08152ccd
|t 0
|
| 952 |
f |
f |
|p normal
|a Texas A&M University
|b College Station
|c Sterling C. Evans Library
|d Evans: Library Stacks
|t 0
|e N6853.P5 S74 1988
|h Library of Congress classification
|i unmediated -- volume
|m A14811653805
|
| 952 |
f |
f |
|p noncirc
|a Texas A&M University
|b College Station
|c Cushing Memorial Library & Archives
|d Cushing: Nicholas Basbanes (Does not check out)
|t 0
|e N6853.P5 S74 1988
|h Library of Congress classification
|i unmediated -- volume
|
| 998 |
f |
f |
|a N6853.P5 S74 1988
|t 0
|l Evans: Library Stacks
|
| 998 |
f |
f |
|a N6853.P5 S74 1988
|t 0
|l Cushing: Nicholas Basbanes (Does not check out)
|